| 000 | 01575cam a2200373 i 4500 | ||
|---|---|---|---|
| 001 | 43504 | ||
| 003 | Mx-PuUPA | ||
| 005 | 20250519152039.0 | ||
| 008 | 140415s2017 mx a gr 001 0 spa d | ||
| 020 | _a9786070296154 | ||
| 040 |
_cmx _aMx-PuUPA _bspa _dMx-PuUPA _erda |
||
| 041 | 0 | _aspa | |
| 043 | _an-mx--- | ||
| 245 | 1 | 0 |
_aGobernabilidad y fiscalización : _breflexiones críticas sobre sus bases conceptuales, retos y perspectivas / _cAlfredo Adam Adam, coordinador ; Roberto Salcedo Aquino, Juan Manuel Portal [y otros nueve], autores. |
| 250 |
_aPrimera edición / _bseptiembre |
||
| 264 | 1 |
_aCiudad de México : _bUniversidad Nacional Autónoma de México, _c2017 |
|
| 300 |
_a247 páginas : _bilustraciones ; _c22 cm. |
||
| 336 |
_atexto _2rdacontent _btxt |
||
| 337 |
_asin mediación _2rdamedia _bn |
||
| 338 |
_avolumen _2rdacarrier _bnc |
||
| 650 | 7 |
_2armarc _aFinanzas públicas _zMéxico _xAuditoría |
|
| 650 | 7 |
_2armarc _aAuditoría interna _zMéxico |
|
| 650 | 7 |
_2armarc _aAdministración Pública _xPrácticas corruptas _zMéxico _xPrevención |
|
| 650 | 7 |
_2armarc _aPolítica fiscal _zMéxico |
|
| 650 | 7 |
_2armarc _aCorrupción política _zMéxico _xPrevención |
|
| 650 | 7 |
_2armarc _aDemocracia _zMéxico |
|
| 700 | 1 |
_aAdam Adam, Alfredo, _ecoordinador _916985 |
|
| 700 | 1 |
_aSalcedo Aquino, Roberto, _dautor |
|
| 700 | 1 |
_aPortal, José Manuel, _dautor |
|
| 942 |
_2ddc _cLI _h657.83504500972 _iG57 |
||
| 999 |
_c43504 _d43504 |
||